书目信息 |
| 题名: |
中国矿业城市工业废弃地协同再生对策研究
|
|
| 作者: | 刘抚英 著 | |
| 分册: | ||
| 出版信息: | 南京 东南大学出版社 2009.04 |
|
| 页数: | 263页 | |
| 开本: | 24cm | |
| 丛书名: | ||
| 单 册: | ||
| 中图分类: | X705 | |
| 科图分类: | ||
| 主题词: | 矿业城镇--kuang ye cheng zhen--工业废物--废物综合利用--研究--中国 | |
| 电子资源: | ||
| ISBN: | 978-7-5641-1623-1 | |
| 000 | 00965nam0 2200241 450 | |
| 001 | 012009379499 | |
| 005 | 20090621140209.95 | |
| 010 | @a978-7-5641-1623-1@dCNY35.00 | |
| 100 | @a20090621d2009 km y0chi0120 ea | |
| 101 | 0 | @achi |
| 102 | @aCN@b320000 | |
| 105 | @aak a 000yy | |
| 106 | @ar | |
| 200 | 1 | @a中国矿业城市工业废弃地协同再生对策研究@Azhong guo kuang ye cheng shi gong ye fei qi di xie tong zai sheng dui ce yan jiu@f刘抚英著@Fliu fu ying zhu |
| 210 | @a南京@c东南大学出版社@d2009.04 | |
| 215 | @a263页@c图@d24cm | |
| 320 | @a有书目 (第236-247页) | |
| 330 | @a本书以中国矿业城市为背景研究了工业废弃地更新利用的系统对策。在提出了工业废弃地概念,剖析其产生原因并对其进行分类的基础上,分析指出了目前国内工业废弃地再利用中存在的主要问题。 | |
| 606 | 0 | @a矿业城镇@Akuang ye cheng zhen@x工业废物@x废物综合利用@x研究@y中国 |
| 690 | @aX705@v4 | |
| 701 | 0 | @a刘抚英@Aliu fu ying@4著 |
| 801 | 0 | @aCN@bQSSK@c20090621 |
| 905 | @b744446-48@dX705@eL618@f3 | |
| 中国矿业城市工业废弃地协同再生对策研究/刘抚英著.-南京:东南大学出版社,2009.04 |
| 263页:图;24cm |
| ISBN 978-7-5641-1623-1:CNY35.00 |
| 本书以中国矿业城市为背景研究了工业废弃地更新利用的系统对策。在提出了工业废弃地概念,剖析其产生原因并对其进行分类的基础上,分析指出了目前国内工业废弃地再利用中存在的主要问题。 |
| ● |
| 相关链接 |
|
|
|
正题名:中国矿业城市工业废弃地协同再生对策研究
索取号:X705/L618
 
预约/预借
| 序号 | 登录号 | 条形码 | 馆藏地/架位号 | 状态 | 备注 |
| 1 | 744446 | 207444461 | 自科库501/501自科库 107排2列1层/ [索取号:X705/L618] | 在馆 | |
| 2 | 744447 | 207444470 | 自科库501/501自科库 107排2列1层/ [索取号:X705/L618] | 在馆 | |
| 3 | 744448 | 207444489 | 期刊室512/501自科库 107排2列1层/ [索取号:X705/L618] | 在馆 |